Cold climate hydrometeorology / (Record no. 13089)
[ view plain ]
| 000 -LEADER | |
|---|---|
| fixed length control field | 00548pam a2200181 a 4500 |
| 020 ## - INTERNATIONAL STANDARD BOOK NUMBER | |
| ISBN | 0470219556 (Wiley) |
| 020 ## - INTERNATIONAL STANDARD BOOK NUMBER | |
| ISBN | 8122407943 (New Age International (P) Ltd. Publishers) |
| 040 ## - CATALOGING SOURCE | |
| Transcribing agency | DLC |
| 082 00 - DEWEY DECIMAL CLASSIFICATION NUMBER | |
| Classification number | 551 NEW 1995 A027 Or. |
| 100 1# - MAIN ENTRY--AUTHOR NAME | |
| Personal name | Upadhyay, D. S. |
| 245 10 - TITLE STATEMENT | |
| Title | Cold climate hydrometeorology / |
| 260 ## - PUBLICATION, DISTRIBUTION, ETC. (IMPRINT) | |
| Place of publication | New York : |
| Name of publisher | Wiley ; |
| Place of publication | New Delhi, India : |
| Name of publisher | New Age International (P) Ltd. Publishers, |
| Year of publication | 1995. |
| 300 ## - PHYSICAL DESCRIPTION | |
| Number of Pages | vii, 345 p. : |
| Other physical details | ill. ; |
| Dimensions | 25 cm. |
| 650 #0 - SUBJECT ADDED ENTRY--TOPICAL TERM | |
| Topical Term | Hydrometeorology. |
| 650 #0 - SUBJECT ADDED ENTRY--TOPICAL TERM | |
| Topical Term | Snow. |
| 650 #0 - SUBJECT ADDED ENTRY--TOPICAL TERM | |
| Topical Term | Ice. |
| 942 ## - ADDED ENTRY ELEMENTS (KOHA) | |
| Koha item type | សៀវភៅភាសាអង់គ្លេស |
| 952 ## - LOCATION AND ITEM INFORMATION (KOHA) | |
| Withdrawn status [LOCAL, KOHA] | 0 |
| Permanent Location | Date acquired | Koha item type | Lost status | Shelving location | Barcode | Current Location | Full call number |
|---|---|---|---|---|---|---|---|
| Library Block A | 2017-08-19 | សៀវភៅភាសាអង់គ្លេស | A027 | A20482 | Library Block A | 551 NEW 1995 A027 Or. |